[Event "EU-chT Seniors 65"]
[Site "Terme Catez"]
[Date "2024.05.14"]
[Round "8.3"]
[White "Ljesar, Dragan"]
[Black "Hietala, Pekka"]
[Result "1/2-1/2"]
[WhiteElo "2006"]
[BlackElo "1985"]
[PlyCount "39"]
[EventDate "2024.05.07"]
[EventType "team-swiss"]
[EventRounds "9"]
[EventCountry "SLO"]
[SourceTitle "CBM 220 Extra"]
[Source "ChessBase"]
[SourceDate "2024.07.31"]
[SourceVersion "1"]
[SourceVersionDate "2024.07.31"]
[SourceQuality "1"]
[WhiteTeam "Montenegro 65"]
[BlackTeam "Finland 65 II"]
[WhiteTeamCountry "MNE"]
[BlackTeamCountry "FIN"]

1. Nf3 d5 2. c4 e6 3. d4 c6 4. Nc3 dxc4 5. a4 Bb4 6. g3 Nf6 7. Bg2 0-0 8. 0-0 Nd5 9. Qc2 Nd7 10. e4 Nxc3 11. bxc3 Be7 12. Rd1 Qa5 13. Be3 Rd8 14. Nd2 Nb6 15. Bf1 e5 16. Nxc4 Nxc4 17. Bxc4 exd4 18. cxd4 Bg4 19. Rdb1 Rd7 20. e5 1/2-1/2

[Event "EU-chT Seniors 65"]
[Site "Terme Catez"]
[Date "2024.05.07"]
[Round "1.4"]
[White "Ljesar, Dragan"]
[Black "Gignoux, Paul"]
[Result "1/2-1/2"]
[WhiteElo "2006"]
[BlackElo "1975"]
[PlyCount "43"]
[EventDate "2024.05.07"]
[EventType "team-swiss"]
[EventRounds "9"]
[EventCountry "SLO"]
[SourceTitle "CBM 220 Extra"]
[Source "ChessBase"]
[SourceDate "2024.07.31"]
[SourceVersion "1"]
[SourceVersionDate "2024.07.31"]
[SourceQuality "1"]
[WhiteTeam "Montenegro 65"]
[BlackTeam "France Normandie 65"]
[WhiteTeamCountry "MNE"]
[BlackTeamCountry "FRA"]

1. Nf3 d5 2. c4 e6 3. d4 c5 4. cxd5 exd5 5. g3 Nc6 6. Bg2 Nf6 7. 0-0 Be7 8. Nc3 0-0 9. Bg5 cxd4 10. Nxd4 h6 11. Bxf6 Bxf6 12. e3 Be6 13. Qa4 Nxd4 14. exd4 Qb6 15. Nxd5 Bxd5 16. Bxd5 Rad8 17. Qb3 Qxb3 18. Bxb3 Rxd4 19. Rad1 Rfd8 20. Rxd4 Rxd4 21. Rc1 Rd7 22. Rc2 1/2-1/2

[Event "MNT-chT"]
[Site "Podgorica"]
[Date "2020.10.12"]
[Round "6.1"]
[White "Ljesar, Dragan"]
[Black "Lazarevic, Zoran1"]
[Result "1-0"]
[WhiteElo "2065"]
[BlackElo "1893"]
[PlyCount "113"]
[EventDate "2020.10.09"]
[EventType "team-tourn"]
[EventRounds "9"]
[EventCountry "MNE"]
[SourceTitle "CBM 198 Extra"]
[Source "ChessBase"]
[SourceDate "2020.11.30"]
[SourceVersion "1"]
[SourceVersionDate "2020.11.30"]
[SourceQuality "1"]
[WhiteTeam "Cetinje"]
[BlackTeam "Rokada"]
[WhiteTeamCountry "MNE"]
[BlackTeamCountry "MNE"]

1. Nf3 c5 2. c4 Nc6 3. Nc3 g6 4. g3 Bg7 5. Bg2 e5 6. 0-0 Nge7 7. d3 0-0 8. Ne1 d6 9. Nc2 Be6 10. Ne3 Qd7 11. Ned5 f6 12. Rb1 Rab8 13. b4 b6 14. b5 Nd4 15. a4 Nxd5 16. Nxd5 Bh3 17. a5 Bxg2 18. Kxg2 bxa5 19. e3 Ne6 20. Bd2 Ng5 21. f4 Qh3+ 22. Kh1 Nf7 23. Bxa5 Rb7 24. Qf3 Qd7 25. Bc3 Nh6 26. Ra1 f5 27. Ra6 Re8 28. fxe5 dxe5 29. e4 Kh8 30. Bd2 Ng4 31. exf5 gxf5 32. h3 e4 33. dxe4 Ne5 34. Qxf5 Nxc4 35. Bf4 Qxb5 36. Re6 Nd6 37. Rxe8+ Nxe8 38. Be5 h6 39. Rf2 Qd7 40. Qxd7 Rxd7 41. Rf8+ Kh7 42. Rxe8 Rb7 43. Bxg7 Kxg7 44. Kg2 Rb2+ 45. Kf3 Rb3+ 46. Kf4 a5 47. Rc8 a4 48. Rxc5 a3 49. Ra5 h5 50. Ne3 Kg6 51. Nc4 h4 52. gxh4 Rxh3 53. Kg4 Rc3 54. Ra6+ Kg7 55. Ne5 Re3 56. Kf4 Rh3 57. Nf3 1-0

[Event "MNT-chT"]
[Site "Podgorica"]
[Date "2020.10.10"]
[Round "3.1"]
[White "Ljesar, Dragan"]
[Black "Kisic, Bozidar"]
[Result "1/2-1/2"]
[WhiteElo "2065"]
[BlackElo "2252"]
[PlyCount "69"]
[EventDate "2020.10.09"]
[EventType "team-tourn"]
[EventRounds "9"]
[EventCountry "MNE"]
[SourceTitle "CBM 198 Extra"]
[Source "ChessBase"]
[SourceDate "2020.11.30"]
[SourceVersion "1"]
[SourceVersionDate "2020.11.30"]
[SourceQuality "1"]
[WhiteTeam "Cetinje"]
[BlackTeam "Elektroprivreda"]
[WhiteTeamCountry "MNE"]
[BlackTeamCountry "MNE"]

1. Nf3 b5 2. d4 Bb7 3. Bf4 Nf6 4. e3 a6 5. c4 bxc4 6. Bxc4 e6 7. Nc3 Be7 8. Rc1 0-0 9. 0-0 Nh5 10. d5 Nxf4 11. exf4 exd5 12. Nxd5 Nc6 13. Ne5 Bd6 14. Re1 Na5 15. Bf1 Re8 16. Qd2 Nc6 17. Nc4 Rxe1 18. Rxe1 Bc5 19. b4 Bf8 20. a4 a5 21. bxa5 d6 22. g3 Ba6 23. Qc3 Ne7 24. Bg2 Rc8 25. Nxe7+ Bxe7 26. Bc6 d5 27. Ne5 Qd6 28. Bb5 c5 29. Qd3 Bb7 30. a6 Ba8 31. Qf5 Rf8 32. Nd7 Rd8 33. Ne5 Rf8 34. Qd7 Rd8 35. Qf5 1/2-1/2

[Event "MNT Team Cup"]
[Site "Herceg Novi"]
[Date "2020.06.25"]
[Round "1.3"]
[White "Ljesar, Dragan"]
[Black "Pecurica, Milos"]
[Result "0-1"]
[WhiteElo "2068"]
[BlackElo "2351"]
[PlyCount "64"]
[EventDate "2020.06.25"]
[EventType "team-swiss"]
[EventRounds "5"]
[EventCountry "MNE"]
[SourceTitle "EXT 2021"]
[Source "ChessBase"]
[SourceDate "2020.10.23"]
[SourceVersion "1"]
[SourceVersionDate "2020.10.23"]
[SourceQuality "1"]
[WhiteTeam "Cetinje"]
[BlackTeam "Crnogorac"]
[WhiteTeamCountry "MNE"]
[BlackTeamCountry "MNE"]

1. Nf3 c5 2. c4 Nc6 3. g3 Nf6 4. Nc3 d5 5. cxd5 Nxd5 6. Bg2 Nc7 7. 0-0 e5 8. d3 Be7 9. Rb1 Rb8 10. Be3 0-0 11. a3 Be6 12. b4 cxb4 13. axb4 Bxb4 14. Ne4 Nd5 15. Bc5 Bxc5 16. Nxc5 Nc3 17. Nxe6 fxe6 18. Qb3 Nxe2+ 19. Kh1 Rxf3 20. Qxe6+ Rf7 21. Bd5 Qc7 22. f4 Ned4 23. Qg4 Kh8 24. Bxf7 Qxf7 25. fxe5 Qd5+ 26. Qe4 Qxe4+ 27. dxe4 Kg8 28. Rfc1 Kf7 29. Rc5 b5 30. Kg1 a5 31. Kf2 a4 32. Ke3 a3 0-1

[Event "MNT-chT 1st League"]
[Site "Podgorica"]
[Date "2018.09.07"]
[Round "1.2"]
[White "Spalevic, Dragan"]
[Black "Ljesar, Dragan"]
[Result "1/2-1/2"]
[WhiteElo "1806"]
[BlackElo "2074"]
[PlyCount "102"]
[EventDate "2018.09.07"]
[EventType "team-tourn"]
[EventRounds "9"]
[EventCountry "MNE"]
[SourceTitle "CBM 187 Extra"]
[Source "ChessBase"]
[SourceDate "2018.11.04"]
[SourceVersion "1"]
[SourceVersionDate "2018.11.04"]
[SourceQuality "1"]
[WhiteTeam "Gambit"]
[BlackTeam "Cetinje"]
[WhiteTeamCountry "MNE"]
[BlackTeamCountry "MNE"]

1. d4 Nf6 2. c4 e6 3. Nc3 Bb4 4. Nf3 0-0 5. Bg5 h6 6. Bxf6 Qxf6 7. e4 d5 8. e5 Qe7 9. a3 Bxc3+ 10. bxc3 c5 11. Bd3 Nc6 12. 0-0 Rd8 13. cxd5 exd5 14. Bb5 Bg4 15. Bxc6 bxc6 16. h3 Bh5 17. Re1 Rab8 18. Re3 c4 19. Qa4 Rb5 20. Qa6 Rb6 21. Qa5 Rdb8 22. Qa4 Bg6 23. Rae1 Bf5 24. Nh2 Bc8 25. Nf1 Ra6 26. Qc2 Rxa3 27. f4 Rab3 28. Ng3 Rb2 29. Qd1 Qh4 30. f5 Qf4 31. Rf3 Qd2 32. Qxd2 Rxd2 33. Rf2 Rd3 34. Ne2 Rb2 35. Ra1 a6 36. Nf4 Rxf2 37. Nxd3 Rxf5 38. Nb4 Rg5 39. Kh2 Rg6 40. Nxa6 Bxa6 41. Rxa6 c5 42. Rxg6 cxd4 43. Ra6 dxc3 44. Kg3 c2 45. Ra1 d4 46. Kf3 Kf8 47. Ke2 d3+ 48. Ke3 Ke7 49. Kd2 Ke6 50. Kc3 Kxe5 51. Rg1 Kf4 1/2-1/2

[Event "EU-ch Amateur U2300"]
[Site "Niksic"]
[Date "2018.06.19"]
[Round "7"]
[White "Vuckovic, Marko1"]
[Black "Ljesar, Dragan"]
[Result "1/2-1/2"]
[WhiteElo "2034"]
[BlackElo "2119"]
[PlyCount "70"]
[EventDate "2018.06.14"]
[EventType "swiss"]
[EventRounds "9"]
[EventCountry "MNE"]
[SourceTitle "CBM 185 Extra"]
[Source "ChessBase"]
[SourceDate "2018.07.29"]
[SourceVersion "1"]
[SourceVersionDate "2018.07.29"]
[SourceQuality "1"]

1. e4 c5 2. Nf3 Nc6 3. d4 cxd4 4. Nxd4 Nf6 5. Nc3 e5 6. Ndb5 d6 7. Nd5 Nxd5 8. exd5 Nb8 9. c4 Be7 10. Bd3 0-0 11. 0-0 f5 12. f3 Nd7 13. Be3 a5 14. Re1 b6 15. a3 Ba6 16. b4 Bxb5 17. cxb5 Bg5 18. Bxg5 Qxg5 19. Rc1 axb4 20. axb4 e4 21. fxe4 fxe4 22. Bxe4 Ne5 23. Rc3 Qf4 24. Qe2 Ra4 25. g3 Qf6 26. Bg2 Rxb4 27. Rf1 Qe7 28. Rxf8+ Qxf8 29. Bh3 Rb1+ 30. Kg2 Qf6 31. Be6+ Kf8 32. Rc8+ Ke7 33. Rb8 Rb2 34. Qxb2 Qf3+ 35. Kg1 Qd1+ 1/2-1/2

[Event "MNT-chT"]
[Site "Cetinje"]
[Date "2012.08.11"]
[Round "9"]
[White "Ljesar, Dragan"]
[Black "Djukic, Nikola"]
[Result "0-1"]
[WhiteElo "2126"]
[BlackElo "2523"]
[PlyCount "62"]
[EventDate "2012.08.03"]
[EventType "team-tourn"]
[EventRounds "9"]
[EventCountry "MNE"]
[SourceTitle "CBM 149 Extra"]
[Source "ChessBase"]
[SourceDate "2012.08.24"]
[SourceVersion "1"]
[SourceVersionDate "2012.08.24"]
[SourceQuality "1"]

1. Nf3 Nf6 2. d4 g6 3. c4 Bg7 4. Nc3 0-0 5. e4 d6 6. Be2 e5 7. 0-0 Nc6 8. d5 Ne7 9. Ne1 Ne8 10. Be3 f5 11. f3 f4 12. Bf2 h5 13. c5 g5 14. Nd3 Ng6 15. Rc1 Rf7 16. Nb5 a6 17. Na3 Bf8 18. Nc4 Rg7 19. h3 Nf6 20. cxd6 Bxd6 21. Nxd6 cxd6 22. Qb3 g4 23. Bb6 Qf8 24. hxg4 hxg4 25. Kf2 Rh7 26. Ke1 Rh2 27. Rg1 Nh4 28. Bf1 Kh8 29. Nf2 Bd7 30. Rh1 Rxh1 31. Nxh1 g3 0-1

[Event "MNT-chT"]
[Site "Cetinje"]
[Date "2012.08.10"]
[Round "8"]
[White "Pikula, Dejan"]
[Black "Ljesar, Dragan"]
[Result "1-0"]
[WhiteElo "2494"]
[BlackElo "2126"]
[PlyCount "56"]
[EventDate "2012.08.03"]
[EventType "team-tourn"]
[EventRounds "9"]
[EventCountry "MNE"]
[SourceTitle "CBM 149 Extra"]
[Source "ChessBase"]
[SourceDate "2012.08.24"]
[SourceVersion "1"]
[SourceVersionDate "2012.08.24"]
[SourceQuality "1"]

1. e4 c5 2. Nf3 Nc6 3. Bb5 g6 4. Bxc6 bxc6 5. 0-0 Bg7 6. Re1 Nf6 7. e5 Nd5 8. d4 cxd4 9. Qxd4 0-0 10. c4 Nc7 11. Qh4 Ne6 12. Bh6 d5 13. Nc3 Bb7 14. Rad1 Qc7 15. cxd5 cxd5 16. Nb5 Qd7 17. Nbd4 Nxd4 18. Nxd4 Bxh6 19. Qxh6 e6 20. Qg5 Qd8 21. Qf4 a6 22. Re3 Rc8 23. Rde1 Rc7 24. h4 h5 25. Qh6 Qe7 26. Rg3 Rc4 27. Nf3 d4 28. Ng5 f5 1-0

[Event "MNT-chT"]
[Site "Cetinje"]
[Date "2012.08.04"]
[Round "2"]
[White "Ljesar, Dragan"]
[Black "Bogosavljevic, Boban"]
[Result "1/2-1/2"]
[WhiteElo "2126"]
[BlackElo "2522"]
[PlyCount "138"]
[EventDate "2012.08.03"]
[EventType "team-tourn"]
[EventRounds "9"]
[EventCountry "MNE"]
[SourceTitle "CBM 149 Extra"]
[Source "ChessBase"]
[SourceDate "2012.08.24"]
[SourceVersion "1"]
[SourceVersionDate "2012.08.24"]
[SourceQuality "1"]

1. Nf3 Nf6 2. c4 c6 3. Nc3 d6 4. d4 Nbd7 5. e4 e5 6. Be2 g6 7. 0-0 Bg7 8. Be3 0-0 9. Qd2 Re8 10. d5 Nc5 11. Bxc5 dxc5 12. Ne1 h5 13. Nd3 Qd6 14. Qe3 b6 15. Rad1 Ba6 16. b3 Rad8 17. f3 Kh7 18. g4 Kg8 19. Nf2 Bc8 20. h3 Bd7 21. Rd2 Nh7 22. Rfd1 Qf6 23. dxc6 Bxc6 24. Rxd8 Rxd8 25. Rxd8+ Qxd8 26. Nd5 Qh4 27. Bf1 Nf8 28. Nd3 hxg4 29. hxg4 Ne6 30. Qf2 Qg5 31. Bg2 Bh6 32. Kh2 Kg7 33. Kg1 Nd4 34. Kh2 Qd8 35. Kh1 f6 36. Kg1 Bg5 37. f4 exf4 38. N3xf4 Bxf4 39. Nxf4 Qd6 40. Nd5 Qe5 41. Qe3 Bxd5 42. cxd5 g5 43. Kf2 Nb5 44. Qe2 Nd4 45. Qe3 Kf8 46. Qg3 Qxg3+ 47. Kxg3 Ke7 48. Kf2 Kd6 49. Ke3 Ke5 50. Bf1 b5 51. Bd3 a6 52. a4 Nxb3 53. axb5 axb5 54. Bxb5 Na5 55. Kd3 Nb7 56. Kc4 Kd6 57. Ba6 Nd8 58. Bc8 Nf7 59. Kb5 Ne5 60. Bf5 Nd3 61. Kc4 Nf2 62. Kb5 Nd1 63. Bg6 Ne3 64. Bh5 Nd1 65. Bg6 c4 66. Kxc4 Ne3+ 67. Kd4 Nxg4 68. Bf5 Ne5 69. Bc8 Nf3+ 1/2-1/2

[Event "MNT-chT"]
[Site "Cetinje"]
[Date "2010.10.10"]
[Round "9"]
[White "Kisic, Bozidar"]
[Black "Ljesar, Dragan"]
[Result "1/2-1/2"]
[WhiteElo "1768"]
[BlackElo "2157"]
[PlyCount "20"]
[EventDate "2010.08.27"]
[EventType "team-tourn"]
[EventRounds "9"]
[EventCountry "MNE"]
[SourceTitle "CBM 138 Extra"]
[Source "ChessBase"]
[SourceDate "2010.10.29"]
[SourceVersion "1"]
[SourceVersionDate "2010.10.29"]
[SourceQuality "1"]

1. d4 Nf6 2. c4 e6 3. Nc3 Bb4 4. a3 Bxc3+ 5. bxc3 b6 6. f3 d5 7. cxd5 exd5 8. e3 0-0 9. Bd3 Re8 10. Ne2 c5 1/2-1/2

[Event "MNT-chT"]
[Site "Cetinje"]
[Date "2009.10.10"]
[Round "5"]
[White "Petovic, Luka"]
[Black "Ljesar, Dragan"]
[Result "1/2-1/2"]
[WhiteElo "2032"]
[BlackElo "2161"]
[PlyCount "32"]
[EventDate "2009.09.18"]
[EventType "team-tourn"]
[EventRounds "9"]
[EventCountry "MNE"]
[SourceTitle "EXT 2011"]
[Source "ChessBase"]
[SourceDate "2010.11.26"]
[SourceVersion "1"]
[SourceVersionDate "2010.11.26"]
[SourceQuality "1"]

1. e4 e5 2. Nf3 Nc6 3. Bb5 a6 4. Ba4 Nf6 5. 0-0 Be7 6. Re1 b5 7. Bb3 0-0 8. c3 d5 9. exd5 Nxd5 10. Nxe5 Nxe5 11. Rxe5 c6 12. d4 Bd6 13. Re1 Qh4 14. g3 Qh3 15. Be3 Bg4 16. Qd3 f5 1/2-1/2

[Event "MNT-chT"]
[Site "Cetinje"]
[Date "2009.10.09"]
[Round "4"]
[White "Ljesar, Dragan"]
[Black "Vujosevic, Milos"]
[Result "1-0"]
[WhiteElo "2161"]
[BlackElo "2005"]
[PlyCount "70"]
[EventDate "2009.09.18"]
[EventType "team-tourn"]
[EventRounds "9"]
[EventCountry "MNE"]
[SourceTitle "EXT 2011"]
[Source "ChessBase"]
[SourceDate "2010.11.26"]
[SourceVersion "1"]
[SourceVersionDate "2010.11.26"]
[SourceQuality "1"]

1. Nf3 Nf6 2. c4 g6 3. g3 Bg7 4. Bg2 d6 5. d4 0-0 6. 0-0 c6 7. Nc3 Nbd7 8. e4 e5 9. d5 c5 10. Ne1 a6 11. Nd3 Nb6 12. Qb3 Qc7 13. a4 Bd7 14. a5 Nc8 15. f4 exf4 16. Bxf4 Nh5 17. e5 dxe5 18. Be3 Nd6 19. Bxc5 Bf5 20. Bxd6 Qxd6 21. c5 Qd8 22. Nb4 Rc8 23. c6 bxc6 24. dxc6 Qd4+ 25. Kh1 Rb8 26. Nca2 Be4 27. Qc3 Bxg2+ 28. Kxg2 Qxc3 29. bxc3 e4 30. Rac1 Rb5 31. Nxa6 Rxa5 32. N2b4 Nf6 33. Rfe1 Bh6 34. Rcd1 e3 35. c7 Rc5 1-0

[Event "MNT-chT"]
[Site "Herceg Novi"]
[Date "2008.08.27"]
[Round "3"]
[White "Todorovic, Ranko"]
[Black "Ljesar, Dragan"]
[Result "1/2-1/2"]
[WhiteElo "2121"]
[BlackElo "2167"]
[PlyCount "103"]
[EventDate "2008.08.25"]
[EventType "tourn"]
[EventRounds "7"]
[EventCountry "MNE"]
[SourceTitle "CBM 126 Extra"]
[Source "ChessBase"]
[SourceDate "2008.11.05"]
[SourceVersion "1"]
[SourceVersionDate "2008.11.05"]
[SourceQuality "1"]

1. e4 e5 2. Nf3 Nc6 3. Nc3 Nf6 4. d4 exd4 5. Nxd4 Bb4 6. Nxc6 bxc6 7. Bd3 d5 8. exd5 cxd5 9. 0-0 0-0 10. Bg5 Bxc3 11. bxc3 Qd6 12. Bxf6 Qxf6 13. Qh5 g6 14. Qxd5 Rb8 15. Qd4 Qxd4 16. cxd4 Rd8 17. Rab1 Rb6 18. Rxb6 axb6 19. c3 c5 20. Bc4 cxd4 21. Rd1 Be6 22. Bxe6 fxe6 23. Rxd4 Ra8 24. Rd2 Ra3 25. Rc2 Kf7 26. Kf1 Ke7 27. Ke2 Kd6 28. Kd2 b5 29. Kc1 Ra4 30. Kb2 Rh4 31. h3 Rf4 32. Kb3 h5 33. f3 Kc5 34. Re2 Kd5 35. a3 g5 36. Rd2+ Ke5 37. Rd8 g4 38. Rb8 gxf3 39. Rxb5+ Ke4 40. gxf3+ Rxf3 41. Rxh5 e5 42. a4 Rf8 43. a5 Kf4 44. Rh7 Re8 45. a6 e4 46. Rf7+ Kg3 47. Rf1 e3 48. Kb4 e2 49. Re1 Kf2 50. Rxe2+ Rxe2 51. Kb5 Kg3 52. Kc6 1/2-1/2

[Event "MNT-chT"]
[Site "Herceg Novi"]
[Date "2008.08.25"]
[Round "1"]
[White "Ljesar, Dragan"]
[Black "Mehovic, Jasmin"]
[Result "1/2-1/2"]
[WhiteElo "2167"]
[BlackElo "1843"]
[PlyCount "64"]
[EventDate "2008.08.25"]
[EventType "tourn"]
[EventRounds "7"]
[EventCountry "MNE"]
[SourceTitle "CBM 126 Extra"]
[Source "ChessBase"]
[SourceDate "2008.11.05"]
[SourceVersion "1"]
[SourceVersionDate "2008.11.05"]
[SourceQuality "1"]

1. Nf3 Nf6 2. c4 c5 3. Nc3 Nc6 4. g3 g6 5. Bg2 Bg7 6. 0-0 0-0 7. d4 cxd4 8. Nxd4 Nh5 9. Nxc6 dxc6 10. Bg5 Qc7 11. e4 Be6 12. Qe2 Rfd8 13. Rad1 h6 14. Be3 Qa5 15. Rxd8+ Rxd8 16. Re1 Kh7 17. a3 Qa6 18. Bf1 Nf6 19. f3 Nd7 20. Rd1 Bxc3 21. bxc3 Qxa3 22. Qd2 Rc8 23. f4 Nb6 24. f5 Nxc4 25. fxg6+ fxg6 26. Bxc4 Bxc4 27. Bxh6 Qc5+ 28. Be3 Qe5 29. Qd7 Rf8 30. Qh3+ Kg8 31. Qg4 Qh5 32. Qxh5 gxh5 1/2-1/2